000 00384nam a2200169Ia 4500
008 210210b1913 xxu||||| |||| 00| 0 eng d
041 _aeng
082 _a821/192
100 _aDANTE
245 _aVision: Cary Ed
260 _aLondon
_bOxford University Press
_c1913
650 _aVision:
650 _aEd
650 _aCary
690 _aEnglish Literature
906 _a011361
999 _c130036
_d130036